000 00292nam a22001337a 4500
008 170328b xxu||||| |||| 00| 0 eng d
020 _a2900138009297
041 _aeng
080 _a796.3
100 _a8
101 _aSHM
245 _aTHE ECONOMICS OF SPORTS
_cLEEDS, M.A
942 _2udc
_cBK
999 _c8874
_d8874